00419nam a2200121Ia 4500008004100000245011400041260004500155260000900200300000900209500000800218650001300226856005800239170516s9999 xx 000 0 und d aPreparation and evaluation of duloxetine hydrochloride enteric-coated pellets with different enteric polymers bAsian Journal of Pharmaceutical Sciences c2017 a12:3 aMay xPharmacy uhttp://www.sciencedirect.com/science/journal/18180876